000
00199 a2200097 4500
001
18148
100
_a
Javed, M H
245
_a
Taarif-e-Madnyat
260
_a
_b
Awan-e-Adab
_c
090
_c
13442
_d
13442
942
_a
NUST-CAE
_c
M
_c
3828
999
_c
253221
_d
253221